000 00318pam a2200145 a 4500
020 _c
041 _h
082 _a330
_bPAP
100 _aPappas, J.L.
245 _aManagerial Economics
_hTextual Documents
260 _aHinsdale
_bThe Dryden Press
300 _a656/CB
700 _aBrigham, E.A.
930 _a2577
999 _c109409
_d109409